American Horror Story Murder House Deaths - Statistics

General Stats
  • This quiz has been taken 2,253 times
  • The average score is 16 of 33
Answer Stats
Character Death % Correct
Nora Montgomery Suicide
86%
Adelaide Langdon Hit by a car
74%
Elizabeth Short Accidental overdose of nitrous oxide
70%
Vivian Harmon Hemorrhage after giving birth
70%
Ben Harmon Hanged
69%
Maria Stabbed to death
64%
Hugo Langdon Shot by Constance
62%
Moira O'Hara Shot by Constance
62%
Amir Stanley Shot by Tate
62%
Chad Warwick Shot by Tate
62%
Chloe Stapleton Shot by Tate
62%
Kevin Gedman Shot by Tate
62%
Kyle Greenwall Shot by Tate
62%
Tate Langdon Shot by S.W.A.T. team
58%
Charles Montgomery Shot by Nora
57%
Derrick Shot by burglers
51%
Fiona Drowned
48%
Gladys Drowned
48%
Bianca Forest Killed with an axe
45%
Bryan Killed by Infantata
44%
Troy Killed by Infantata
44%
Beauregard Langdon Smothered with a pillow
44%
Travis Wanderley Stabbed by Hayden
44%
Hayden McClaine Shovel to the head
43%
Angela Harvey Burned to death
40%
Lorraine Harvey Burned to death
40%
Margaret Harvey Burned to death
40%
Violet Harmon Overdosed on sleeping pills
27%
Stephanie Boggs Shot by Tate
14%
Jeffery Harmon Stillborn
14%
Patrick Beaten to death
11%
Infantata Dismembered
11%
Dallas Slit throat
5%
No matching quizzes found
Score Distribution
Percent of People with Each Score
Percentile by Number Answered
Your Score History
You have not taken this quiz